Humanity (Record no. 63124)
[ view plain ]
| 000 -LEADER | |
|---|---|
| fixed length control field | 01453nam a2200253Ii 4500 |
| 008 - FIXED-LENGTH DATA ELEMENTS--GENERAL INFORMATION | |
| fixed length control field | 221202s xx 000 0 und d |
| 245 #0 - TITLE STATEMENT | |
| Title | Humanity |
| 246 ## - VARYING FORM OF TITLE | |
| Title proper/short title | A History of European Concepts in Practice From the Sixteenth Century to the Present |
| 264 ## - PRODUCTION, PUBLICATION, DISTRIBUTION, MANUFACTURE, AND COPYRIGHT NOTICE | |
| Name of producer, publisher, distributor, manufacturer | Vandenhoeck & Ruprecht |
| Date of production, publication, distribution, manufacture, or copyright notice | 2016 |
| 300 ## - PHYSICAL DESCRIPTION | |
| Extent | 1 online resource |
| 336 ## - CONTENT TYPE | |
| Content type term | text |
| Content type code | txt |
| Source | rdacontent |
| 337 ## - MEDIA TYPE | |
| Media type term | computer |
| Media type code | c |
| Source | rdamedia |
| 338 ## - CARRIER TYPE | |
| Carrier type term | online resource |
| Carrier type code | cr |
| Source | rdacarrier |
| 520 ## - SUMMARY, ETC. | |
| Summary, etc. | This volume investigates the development of the concepts and practices of “humanity” from the sixteenth century up to the present. By taking a comparative and interdisciplinary approach, the contributers focus on Europe as well as Europe’s relations to other world regions in the process that shaped “humanity”. They show how this emerging concept led to the overcoming of fundamental divisions in many spheres on the one hand and the formation of new hierarchies on the other. |
| 653 ## - INDEX TERM--UNCONTROLLED | |
| Uncontrolled term | Begriffsgeschichte |
| 653 ## - INDEX TERM--UNCONTROLLED | |
| Uncontrolled term | History |
| 653 ## - INDEX TERM--UNCONTROLLED | |
| Uncontrolled term | Humanismus |
| 653 ## - INDEX TERM--UNCONTROLLED | |
| Uncontrolled term | Menschenrechte |
| 653 ## - INDEX TERM--UNCONTROLLED | |
| Uncontrolled term | Menschenrechte, Begriffsgeschichte, Humanismus |
| 700 1# - ADDED ENTRY--PERSONAL NAME | |
| Personal name | Klose, Fabian |
| 700 1# - ADDED ENTRY--PERSONAL NAME | |
| Personal name | Thulin, Mirjam |
| 856 ## - ELECTRONIC LOCATION AND ACCESS | |
| Uniform Resource Identifier | <a href="https://library.oapen.org/bitstream/20.500.12657/25385/1/1004710.pdfhttps://www.vandenhoeck-ruprecht-verlage.com/themen-entdecken/geschichte/geschichte-der-fruehen-neuzeit/3854/humanityhttp://library.oapen.org/handle/20.500.12657/25385">https://library.oapen.org/bitstream/20.500.12657/25385/1/1004710.pdfhttps://www.vandenhoeck-ruprecht-verlage.com/themen-entdecken/geschichte/geschichte-der-fruehen-neuzeit/3854/humanityhttp://library.oapen.org/handle/20.500.12657/25385</a> |
| 942 ## - ADDED ENTRY ELEMENTS (KOHA) | |
| Koha item type | E-Book |
| Withdrawn status | Damaged status | Not for loan | Home library | Current library | Date acquired | Total Checkouts | Date last seen | Price effective from | Koha item type |
|---|---|---|---|---|---|---|---|---|---|
| Directory of Open Access Books | Directory of Open Access Books | 11/28/2022 | 11/28/2022 | 11/28/2022 | E-Book |